| 000 | 01160cam a22003498i 4500 | ||
|---|---|---|---|
| 001 | 18782656 | ||
| 003 | OSt | ||
| 005 | 20240222110503.0 | ||
| 008 | 150911s2016 nyu b 001 0 eng | ||
| 010 | _a 2015035193 | ||
| 020 | _a9780415746281 | ||
| 020 | _z9781315681962 (ebook) | ||
| 035 | _a(DNAL)1329259 | ||
| 040 |
_aDNAL/DLC _beng _erda _cDNAL |
||
| 042 | _apcc | ||
| 050 | 0 | 0 |
_aTH380 _b.H38 2016 |
| 070 | 0 |
_aTH380 _b.H45 2016 |
|
| 082 | 0 | 0 |
_a712 _223 _bHEN |
| 100 | 1 |
_aHensey, Paul, _eauthor. _9121069 |
|
| 245 | 1 | 0 |
_aConstruction detailing for landscape and garden design : _bsurface, steps and margins / _cPaul Hensey. |
| 260 |
_aLondon: _bRoutledge; _c2016. |
||
| 263 | _a1607 | ||
| 300 | _a229 p.: | ||
| 504 | _aIncludes bibliographical references and index. | ||
| 650 | 0 |
_aLandscape construction. _942231 |
|
| 650 | 0 |
_aLandscape design. _932377 |
|
| 650 | 0 |
_aGardens _xDesign. _9120940 |
|
| 906 |
_a7 _bcbc _corignew _d1 _eecip _f20 _gy-gencatlg |
||
| 942 |
_2ddc _cREF _aSADA _kREF 712 HEN 2016 |
||
| 999 |
_c608011 _d608011 |
||